000 00967nmc a2200325 a 4500
003 AR-BaBNM
005 20251128203855.0
008 011101s1974 ||||||||||||||000 | spa||
040 _cAR-BaBNM
100 1 _aHenderson, James L.
245 1 0 _aEducación para el entendimiento mundial
260 _aBuenos Aires
_bEl Ateneo
_c1974
300 0 _a145 p.
490 0 _aNuevas orientaciones de la educación. Problemática de la educación
504 _aBibliografía: p. 139
600 1 4 _aMoro, Tomás
_d1478-1535
600 1 4 _aCromwell, Thomas
_d1485-1540
650 4 _aFILOSOFIA DE LA EDUCACION
650 4 _aEDUCACION COMPARADA
650 4 _aFINALIDADES DE LA EDUCACION
650 4 _aCOOPERACION INTERNACIONAL
650 4 _aNACIONALISMO
650 4 _aMETAS EDUCACIONALES
650 4 _aREFUGIADOS
651 4 _aVietnam
700 1 _aMíguez, Néstor A.
_etraductor
800 1 _aMárquez, Angel Diego
_edirector
942 _cBK
998 _cSILVI
999 _c5278
_d5278